00354nam a2200145Ia 4500003000400000008004100004040001600045082001300061100001600074245004100090260003000131300001000161650001500171650002200186GCL140319s9999 xx 000 0 eng d aGCL / cGCL04a843bG L1 aGIONO, JEAN10aLA CHASSE AU BONHEUR / cGIONO, JEAN a[S.N] : bFOLIO ، c1995 a240 P04aLITERATURE04aFRENCH LITERATURE